| 000 | 01719 a2200241 4500 | ||
|---|---|---|---|
| 001 | 45516 | ||
| 005 | 20260407155727.0 | ||
| 008 | 260407a1964 arg spa d | ||
| 003 | AR-UNSa-BCEJYS | ||
| 040 |
_aAR-UNSa-BCEJYS _bspa _cAR-UNSa-BCEJYS |
||
| 080 |
_a331.101.26 _xEconomía del trabajo |
||
| 245 | 1 | 0 | _aEconomía del trabajo |
| 264 | 1 |
_aBarcelona : _bAriel _c1964 |
|
| 300 |
_a527 p. _c23 cm. |
||
| 505 | _aParte I : Condiciones del empleo y rentas del trabajo : Título I : Las condiciones del empleo : 1. Población activa y oferta de trabajo – 2. Demanda de trabajo, oferta de empleos, capacidad de ocupación – 3. El equilibrio de la ocupación y la adaptación de la oferta a la demanda de trabajo - - Título II : Las rentas del trabajo : 4. Los distintos aspectos de la renta salarial – 5. La estructura de los salarios – 6. Evolución de los salarios - - Parte II : La indeterminación de las rentas del trabajo : Título I : Las partes : 7. Los obreros y sus sindicatos – 8. Empleadores y asociaciones patronales – 9. Grupos especiales – 10. Los poderes públicos y sus posibilidades de intervención - - Título II : Acción de las partes : 11. La lucha – 12. Acción política y económica de los sindicatos y de los empresarios para la determinación de las rentas de trabajo – 13. La negociación colectiva – 14. La eficacia de la acción de los sindicatos sobre las rentas del trabajo. | ||
| 041 | _aspa | ||
| 942 | _cBK | ||
| 590 | _aniveau_biblio:m niveau_hierar:0 | ||
| 100 | 1 | _aSellier, François | |
| 700 | 1 | _aTiano, André | |
| 700 | 1 | _aSanuy, Francisco | |
| 856 | 4 | 1 |
_uhttps://www.biblioeco.unsa.edu.ar/pmb/images/libros/L127129.jpg _yImagen de portada _qimage/jpeg |
| 999 |
_c3949 _d3949 |
||